| 000 | 00781cam a2200265 4500 | ||
|---|---|---|---|
| 008 | 090401t1990 xxu||||| |||| 00| 0 eng d | ||
| 020 | _a0854064826 | ||
| 035 | _a(Sirsi) u52419 | ||
| 041 | _aeng | ||
| 050 | _a333.332 | ||
| 090 | _aRICS 1990/98ABCD | ||
| 110 |
_aRoyal Institution of Chartered Surveyors _94900 |
||
| 245 | _aFlat buyers report and valuation: explanatory notes. | ||
| 250 | _a4th ed. | ||
| 260 |
_aLondon _bRICS Books _c1990 |
||
| 300 | _a12p., 21cm. | ||
| 350 | _a3 | ||
| 650 | _aFLAT BUYERS REPORT AND VALUATION | ||
| 650 | _aMORTGAGE VALUATIONS | ||
| 650 | _aBUILT ENVIRONMENT-BUILDING SURVEYING-STRUCTURAL SURVEYING | ||
| 650 |
_aSurvey reports _96270 |
||
| 690 | _aBUILT ENVIRONMENT-BUILDING INSPECTION | ||
| 942 | _n0 | ||
| 948 | _c04/03/1997 | ||
| 999 |
_c93062 _d93062 |
||